Quizzes
Events
Quiz Creation
Community
Videos
Private Events
Remove Ads
Sign In
Join for FREE
Feedback
Dark Mode
Quiz Categories
Sports
Geography
Music
Movies
Television
Just For Fun
Miscellaneous
History
Literature
Language
Science
Gaming
Entertainment
Religion
Holiday
For Kids
Quiz Lab
Recent
Popular Today
Quiz Kudos Today
Editor Picks
Curator Picks
Quizzes by...
Day
Popularity
Type
Ratings
Length
Year
Community
Subscriptions
Recent Discussions
Orange Saloon
Badges
Playlists
Quests
Create
Leaderboards
Showdown
Live 5
Trivia Bingo
Activity
Puzzle Library
Sporcle Events
Private Events
Virtual Trivia
Globe League
Become a Host
Pub Owners
SporcleCon
Opinionation
Our Games
Videos
Blog
Mobile Apps
Partnerships
Remove Ads and Go Orange
Feedback
Music
Pop Music
The Beatles
Song
Album
Lyrics
Bands
Singers
Artist
Clip
Rock
Rap
Classical
Billboard
Country Music
Kpop
Taylor Swift
Music
Pop Music
The Beatles
Song
Album
Lyrics
Bands
Singers
Artist
Clip
Rock
Rap
Classical
Billboard
Country Music
Kpop
Taylor Swift
Random Quiz
Search Sporcle
×
Quiz Lab
Quiz Lab
Music
Floyd
Type in answers that appear in a list
Type in answers that appear in a list
Classic
Best Score? Go Orange.
Breathe by Pink Floyd Lyrics Stats
Can you name the lyrics to Breathe by Pink Floyd?
By
omgimonfire15
4m
104 Questions
864 Plays
864 Plays
864 Plays
Comments
Comments
Give Quiz Kudos
Give Quiz Kudos
-
- Ratings
hide this ad
Replay
Link that replays current quiz
Next Quiz
Link to next quiz in quiz playlist
You Got
0%
They Got
Avg Score
79%
Avg Friend Score
Upgrade to see
Score Distribution
Jump to the score distribution portion of the page
Score
0/104
Timer
04:00
0
Plays Today
% Correct
the
99.9%
and
99.9%
And
99.9%
and
99.9%
And
99.9%
and
99.9%
the
99.9%
And
99.9%
the
99.9%
and
99.9%
the
99.9%
And
99.9%
the
99.9%
in
99.5%
Breathe
99.3%
breathe
99.3%
air
99%
to
97.7%
to
97.7%
be
96.2%
be
96.2%
you
95.9%
you
95.9%
you
95.9%
you
95.9%
you
95.9%
you
95.9%
you
95.9%
You
95.9%
care
95.1%
Don't
95%
don't
95%
Don't
95%
afraid
92.9%
an
91.6%
% Correct
your
90.5%
your
90.5%
me
89.5%
Leave,
84.5%
leave
84.5%
Run
83.4%
run
83.4%
Is
83.2%
is
83.2%
on
82.9%
rabbit
82.2%
own
81.7%
when
80.9%
around
80.4%
but
80.2%
But
80.2%
that
79.5%
all
78.7%
all
78.7%
all
78.7%
ground
78.5%
Look
77.8%
Dig
77.7%
sun
77.7%
dig
77.7%
Choose
77.1%
hole
76.7%
time
76.6%
It's
76.5%
one
76%
another
75.7%
done
74.4%
ever
74.2%
see
74%
will
72.6%
% Correct
live
72.3%
live
72.3%
work
72.1%
life
70.3%
fly
69.9%
fly
69.9%
For
68.8%
at
67.8%
down
67%
last
66.3%
touch
65.7%
if
64.1%
high
63.8%
high
63.8%
sit
62%
Long
60.9%
long
60.9%
cry
60.8%
you'll
60.5%
you'll
60.5%
tears
58.7%
wave
58.6%
grave
58.4%
biggest
58.3%
ride
58.1%
tide
57.9%
only
57.3%
forget
57.1%
early
57.1%
race
54.1%
give
53.1%
towards
53.1%
smiles
49.7%
balanced
48.5%
Quiz Playlist
Details
Report
Send in Message
Add To Playlist
Classic:
Type in answers that appear in a list
Last Updated: Feb 16, 2017
Quiz Scoreboard
CHALLENGE
Sign Up to Join the Scoreboard
Show All
Scores
Hide
Comments
May contain spoilers
Recently Published
Click the 1999 NBA Draft
by nibperrychub
Sports
2m
Alphabetical 'K' Countries by Flag Minefield
by ylime102
Geography
3m
Pick 6: Fruits
by JohnFran
Miscellaneous
15s
More to Explore
Quiz From the Vault
Featured Blog Post
15 Basketball Trivia Facts You Can Be March Mad About
hide this ad
You Might Also Like...
Tags
breathe
Floyd
pink
Pink Floyd
Today's Top Quizzes in Music
Browse Music
hide this ad
Top Contributed Quizzes in Music
1
Taylor Swift All Songs (2024)
2
KPOP LOGIC QUIZ
3
A Taylor Swift Logic Puzzle
4
Guess the Taylor Swift song (Mystery Song)
5
K-Pop Murder Mystery Logic Quiz
6
Taylor Swift Logic Puzzle
7
Guess The Taylor Swift Lyrics Song #1
8
kpop group name match up
9
NCT 2020 Logic Puzzle
10
K-Pop : 100 Debut Songs (Part 1 of 3)
Explore More
Trending Topics
Disney
Kpop
Harry Potter
Anime
Marvel
NBA
Crossword
Pokémon
The Office
Song
Country
NFL
Puzzle
WWE
Soccer
hide this ad
More By:
omgimonfire15
Quiz
Plays
Rating
Category
Featured
Created
'U' Countries
249,758
4.39
Geography
Dec 5, 2009
Since U Been Gone Lyrics
4,278
4.60
Music
Apr 3, 2013
Breathe by Pink Floyd Lyrics
864
5.00
Music
Feb 18, 2013
Go to Creator's Profile
Score Distribution
Quiz Creator Spotlight
omgimonfire15
Follow
Send a Message
Quizzes Created
-
Created Quiz Play Count
-
More By This Creator
Popular Quizzes Today
1
Countries of Asia Without Outlines Minefield
2
Find the US States - No Outlines Minefield
3
Pick 6: Fruits
4
Alphabetical 'K' Countries by Flag Minefield
5
The Countries of the World
6
Find the US States
7
US States
8
Match the Book to the Film X
More Music Quizzes
Music Chords (Maj/Min)
Quiz Lab
Trending Quizzes
Pick 6: Mountains
Pick 6: Harry Potter
Pick 6: NFL Teams
Pick 6: Movie Franchises
Pick 6: Golfers
Recently Updated
NWSL Teams
pecheneg
Women's Final Four Teams by Year
bhenderson79
Presidents Quartet II
eogle
Anything But Clue(do)
eogle
Anything But Oceanian Capitals
eogle
Anything But 7
eogle
Anything But Thing
eogle
Word Ladder: February 29
pecheneg
Song Title Questions
pecheneg
Women's NCAA Tournament #1 Seeds
pecheneg
Trending Topics
Anime
Marvel
Kpop
NBA
Crossword
Disney
Harry Potter
Soccer
The Office
Pokémon
WWE
Puzzle
Country
Song
NFL
Your Account Isn't Verified!
In order to create a playlist on Sporcle, you need to verify the email address you used during registration. Go to your
Sporcle Settings
to finish the process.
Report this User
Report this user for behavior that violates our
Community Guidelines
.
Details:
Send Report
Go to the Sporcle.com Mobile Site →
Comments